|
|
|
|
| LEADER |
00000nab#a22000007a#4500 |
| 001 |
arbauad004253 |
| 003 |
AR-BaUAD |
| 005 |
20250711110627.0 |
| 008 |
940425|||||||||###||||||b###|0###a|spa|| |
| 040 |
|
|
|a AR-BaUAD
|c AR-BaUAD
|b spa
|
| 245 |
1 |
0 |
|a Don Giovanni
|b dettagli eccentrici: new dandy style
|
| 300 |
0 |
|
|b fot.
|
| 500 |
|
|
|a Detalles excéntricos: estilo nuevo dandy, con pantalones de jeans.
|
| 653 |
|
|
|a EUROPA
|
| 653 |
|
|
|a DISEÑADORES DE INDUMENTARIA
|
| 653 |
|
|
|a DISEÑO DE INDUMENTARIA
|
| 653 |
|
|
|a INDUMENTARIA FEMENINA
|
| 653 |
|
|
|a COMPLICE
|
| 653 |
|
|
|a RALPH LAUREN
|
| 653 |
|
|
|a DOLCE & GABBANA
|
| 653 |
|
|
|a KOJI TATSUNO
|
| 653 |
|
|
|a MARTINE SITBON
|
| 653 |
|
|
|a ANNA MOLINARI BLUMARINE
|
| 653 |
|
|
|a MARCAS
|
| 653 |
|
|
|a DANDISMO
|
| 653 |
|
|
|a ESTILOS
|
| 653 |
|
|
|a TENDENCIAS
|
| 773 |
0 |
|
|t Vogue Italia
|g no. 512 [abr. 1993], p. 126-131
|
| 942 |
|
|
|c ARTI
|
| 952 |
|
|
|0 0
|1 0
|4 0
|7 0
|9 49173
|a AR-BAuAD
|b AR-BAuAD
|d 2025-07-11
|l 0
|p AAQA004253
|r 2025-07-11 11:06:27
|w 2025-07-11
|y ARTI
|
| 990 |
|
|
|a DT199
|b TD
|
| 998 |
|
|
|a AAQ
|b BIBUN76
|
| 999 |
|
|
|c 28846
|d 28846
|